| 000 | 00404nam a2200145 a 4500 | ||
|---|---|---|---|
| 001 | 4362 | ||
| 003 | CDMR | ||
| 005 | 20130116135255.0 | ||
| 008 | 130130s1990||||||||||||||||||||||||||||d | ||
| 040 |
_aCDMR _bcat _cCPC GIRONA |
||
| 245 | 3 | _aEl canvi professional | |
| 260 |
_c1990 _bCol·legi de Periodistes de Catalunya |
||
| 490 | 0 |
_aAnnals del Periodisme CatalĂ _v17 (juliol-desembre 1990) _92705 |
|
| 942 | _cMON | ||
| 999 |
_c4362 _d4362 |
||